Enciclopedia de la salud y el bienestar de la mujer / (Registro nro. 13301)
[ vista simple ]
| 000 -LIDER | |
|---|---|
| fixed length control field | 00752nam a22002417a 4500 |
| 003 - IDENTIFICACDOR DE NÚMERO DE CONTROL | |
| control field | DO-SdBNP |
| 005 - DATE AND TIME OF LATEST TRANSACTION | |
| control field | 20231006131513.0 |
| 008 - ELEMENTOS DE LONGITUD FIJA | |
| fixed length control field | 180215b xxu||||| |||| 00| 0 spa d |
| 020 ## - ISBN | |
| International Standard Book Number | 0875963676 |
| 040 ## - FUENTE DE CATALOGACIÓN | |
| Agencia que crea de manera original el registro | BPMSU |
| Idioma de catalogación | spa |
| Agencia que realiza la transcripción | BPMSU |
| 082 #4 - NÚMERO DE CLASIFICACIÓN DECIMAL DE DEWEY | |
| Classification number | R613.0424 |
| Item number | E56s |
| Edition number | 22 |
| 245 00 - MENCIÓN DE TITULO | |
| Título | Enciclopedia de la salud y el bienestar de la mujer / |
| Enlace | editoras Denise Foley Nechas, Eileen. |
| 260 ## - PUBLICACIÓN, DISTRIBUCIÓN, ETC. (PIE DE IMPRENTA) | |
| Lugar de publicación, distribución, etc | Pensylvania : |
| Nombre del editor, distribuidor, etc. | Rodale Press, |
| Fecha de publicación, distribución, etc | [190-] |
| 300 ## - DESCRIPCIÓN FÍSICA | |
| Extensión | 639 p. |
| Dimensiones | 25 cm |
| 490 0# - MENCIÓN DE SERIES | |
| Materiales especificados | De mujer a mujer |
| 590 ## - NOTA LOCAL | |
| Texto de la nota local | Inventariado, 2023/VM |
| 650 #4 - ENCABEZAMIENTO DE MATERIA--TEMÁTICO | |
| Término temático o nombre geográfico como elemento de entrada | Salud de la mujer |
| 650 #4 - ENCABEZAMIENTO DE MATERIA--TEMÁTICO | |
| Término temático o nombre geográfico como elemento de entrada | Mujeres |
| Subdivisión temática general | Salud mental |
| Subdivisión de forma | Enciclopedias |
| 700 1# - ASIENTO SECUNDARIO -- NOMBRE PERSONAL | |
| Nombre personal | Nechas, Eileen. |
| 700 1# - ASIENTO SECUNDARIO -- NOMBRE PERSONAL | |
| Nombre personal | Foley, Denise |
| 910 ## - VALIDACIÓN | |
| Validación | VMateo V. Control de calidad BPMSU |
| 942 ## - ADDED ENTRY ELEMENTS (KOHA) | |
| Source of classification or shelving scheme | Dewey Decimal Classification |
| Koha item type | Libros |
| Withdrawn status | Lost status | Source of classification or shelving scheme | Damaged status | Not for loan | Collection code | Home library | Current library | Date acquired | Source of acquisition | Total Checkouts | Full call number | Barcode | Date last seen | Price effective from | Koha item type |
|---|---|---|---|---|---|---|---|---|---|---|---|---|---|---|---|
| Dewey Decimal Classification | Colección General | Biblioteca Pública Metropolitana Salomé Ureña | Biblioteca Pública Metropolitana Salomé Ureña | 02/15/2018 | BPMSU CGR R613.0424 E56s | BPMSU18020158 | 02/15/2018 | 02/15/2018 | Libros |